[Event "WJun Women"]
[Site "Athens GRE"]
[Date "2001.08.17"]
[EventDate "2001.08.16"]
[Round "2"]
[Result "0-1"]
[White "Evelyn Moncayo Romero"]
[Black "Nadezhda Kosintseva"]
[WhiteElo "2220"]
[BlackElo "2319"]
[PlyCount "78"]

1. e4 c5 2. Nf3 d6 3. d4 cxd4 4. Nxd4 Nf6 5. Nc3 g6 6. Be3 Bg7
7. f3 O-O 8. Qd2 Nc6 9. g4 Be6 10. g5 Nh5 11. Nd5 Rc8 12. c4
Bxd5 13. exd5 Nxd4 14. Bxd4 Bxd4 15. Qxd4 e5 16. Qd2 f6
17. Rg1 fxg5 18. Rxg5 Qf6 19. O-O-O b5 20. Kb1 bxc4 21. Bh3
Rc5 22. Be6+ Kh8 23. Rdg1 Nf4 24. h4 Rb8 25. Ka1 Rcb5 26. h5
Rxb2 27. Qxb2 Rxb2 28. Kxb2 e4+ 29. Kc2 Qd4 30. Rd1 Nd3
31. Rb1 e3 32. Rg2 Nf2 33. Rb8+ Kg7 34. Rg8+ Kf6 35. hxg6 Qd2+
36. Kb1 c3 37. Rf8+ Ke5 38. Rg5+ Kd4 39. Rf4+ Kc5 0-1

[Event "WJun Women"]
[Site "Athens GRE"]
[Date "2001.08.17"]
[EventDate "2001.08.16"]
[Round "2"]
[Result "0-1"]
[White "Vera Papadopoulou"]
[Black "Nadezhda Kosintseva"]
[WhiteElo "2193"]
[BlackElo "2319"]
[PlyCount "80"]

1. d4 Nf6 2. Nf3 c5 3. d5 b5 4. Bg5 Ne4 5. Bf4 Bb7 6. Qd3 Qa5+
7. c3 f5 8. Nbd2 c4 9. Qd4 Nf6 10. e4 fxe4 11. Nxe4 Nxd5
12. Nc5 Bc6 13. Bg3 Qb6 14. Rd1 e6 15. Ne4 Qxd4 16. Nxd4 Be7
17. Nd6+ Bxd6 18. Bxd6 a6 19. h4 Bb7 20. Rh3 Nc6 21. Rg3 g6
22. Be2 O-O-O 23. a4 Nxd4 24. Rxd4 Bc6 25. Kd2 Kb7 26. b3 bxa4
27. bxc4 Nf6 28. f3 Ne8 29. Be5 Rf8 30. c5 a5 31. Bd1 a3
32. Bb3 Nc7 33. Bd6 Rf5 34. Rg5 Nb5 35. Rd3 Nxd6 36. Rxd6 Rdf8
37. Rg4 Rxc5 38. Ba4 Kc7 39. Rd3 h5 40. Rgd4 e5 0-1

[Event "WJun Women"]
[Site "Athens GRE"]
[Date "2001.08.18"]
[EventDate "2001.08.16"]
[Round "3"]
[Result "1-0"]
[White "Nadezhda Kosintseva"]
[Black "Iroda Khamrakulova"]
[WhiteElo "2319"]
[BlackElo "2217"]
[PlyCount "79"]

1. e4 c5 2. Nf3 Nc6 3. d4 cxd4 4. Nxd4 g6 5. c4 Bg7 6. Be3 Nf6
7. Nc3 d6 8. Be2 O-O 9. O-O Bd7 10. Qd2 Nxd4 11. Bxd4 Bc6
12. f3 b6 13. b4 Bb7 14. Rac1 Ne8 15. Be3 f5 16. exf5 gxf5
17. Rfd1 Nc7 18. Bd3 Qe8 19. Qe2 Qh5 20. Bf2 Rae8 21. Nb5 Nxb5
22. cxb5 Be5 23. Bg3 f4 24. Bf2 Rf6 25. Rc7 Bc8 26. Rxa7 Rh6
27. h4 Bf6 28. Qe1 Kh8 29. Ra8 Rg8 30. Kf1 Qd5 31. Qe4 Qxe4
32. Bxe4 Bxh4 33. Rc1 Bd7 34. Rxg8+ Kxg8 35. a4 Bg3 36. Rc7
Be6 37. a5 Rh1+ 38. Ke2 bxa5 39. b6 Ra1 40. b7 1-0

[Event "WJun Women"]
[Site "Athens GRE"]
[Date "2001.08.19"]
[EventDate "2001.08.16"]
[Round "4"]
[Result "0-1"]
[White "Sopiko Khukhashvili"]
[Black "Nadezhda Kosintseva"]
[WhiteElo "2295"]
[BlackElo "2319"]
[PlyCount "276"]

1. e4 c5 2. Nf3 d6 3. d4 cxd4 4. Nxd4 Nf6 5. Nc3 g6 6. g3 Bg7
7. Bg2 O-O 8. O-O Nbd7 9. h3 a6 10. a4 Rb8 11. g4 Nc5 12. Be3
Bd7 13. a5 e5 14. Nb3 Nxb3 15. cxb3 Be6 16. Re1 h5 17. f3 d5
18. Bb6 Qd7 19. exd5 Nxd5 20. Nxd5 Qxd5 21. Qxd5 Bxd5 22. b4
hxg4 23. hxg4 Rbc8 24. Rad1 Bc6 25. Rd2 Rfe8 26. Rde2 g5
27. Be3 f6 28. Bd2 Red8 29. Bc3 Bf8 30. Kf2 Kf7 31. Re3 Bd6
32. Bf1 Bb8 33. Rd3 Ba7+ 34. Kg3 Bb8 35. Kf2 Rh8 36. Rd2 Rh2+
37. Bg2 Rch8 38. Re4 Ba7+ 39. Kg3 Bxe4 40. fxe4 Ke6 41. b5
axb5 42. Rd5 R2h7 43. Rxb5 Rd7 44. Bf1 Rc8 45. Rb4 Rdc7 46. a6
bxa6 47. Bxa6 Rb8 48. Ra4 Bd4 49. Bc4+ Kd7 50. Ba5 Rxc4
51. Rxc4 Rxb2 52. Rc7+ Kd6 53. Rf7 Ke6 54. Rf8 Ke7 55. Rh8
Rb3+ 56. Kg2 Re3 57. Bd8+ Kf7 58. Rh6 Rxe4 59. Rxf6+ Ke8
60. Bc7 Rxg4+ 61. Kh3 Rh4+ 62. Kg3 Kd7 63. Bb8 Rh8 64. Bd6 e4
65. Rg6 Be3 66. Be5 Re8 67. Bc3 Bf4+ 68. Kf2 Re6 69. Rg8 Rc6
70. Ba5 Rc2+ 71. Ke1 Ke6 72. Rf8 Ra2 73. Bb6 Kd5 74. Rd8+ Ke5
75. Rf8 Rc2 76. Ba7 Kd5 77. Rd8+ Ke6 78. Rf8 Be5 79. Be3 g4
80. Bf4 Bf6 81. Bg3 Ra2 82. Kf1 Rd2 83. Bf2 Ra2 84. Rg8 Kf5
85. Rf8 Ke5 86. Bg3+ Ke6 87. Bf2 Ra3 88. Kg2 Rf3 89. Bb6 Be7
90. Rg8 Kf5 91. Re8 Bd6 92. Rd8 Rd3 93. Bf2 Rd2 94. Kf1 Kf4
95. Bc5 Ke5 96. Bf2 Ke6 97. Rg8 Kf5 98. Rd8 Bb4 99. Rb8 Be7
100. Rb7 Bf6 101. Rb8 Rd8 102. Rb7 Be5 103. Rb5 Kf4 104. Ke2
Bd4 105. Bh4 Rg8 106. Rd5 Be5 107. Bf2 g3 108. Be3+ Kf5
109. Bd4 Re8 110. Ra5 Kf4 111. Bg1 Bf6 112. Ra6 Bh4 113. Rg6
Ra8 114. Be3+ Kf5 115. Rg7 Ra6 116. Kf1 Rg6 117. Rf7+ Bf6
118. Kg2 Ke6 119. Rf8 Be5 120. Ra8 Rg7 121. Ra4 Kf5 122. Ra8
Bd6 123. Ra5+ Ke6 124. Ra6 Kd5 125. Ra5+ Kc4 126. Ra4+ Kd3
127. Bg1 Be5 128. Ra3+ Bc3 129. Bc5 Kc4 130. Be3 Rf7 131. Bg5
Be5 132. Ra4+ Kd5 133. Ra5+ Ke6 134. Ra4 Kf5 135. Bh4 Rb7
136. Bxg3 Rb2+ 137. Bf2 e3 138. Kf3 exf2 0-1

[Event "WJun Women"]
[Site "Athens GRE"]
[Date "2001.08.24"]
[EventDate "2001.08.16"]
[Round "8"]
[Result "1-0"]
[White "Xu Yuanyuan"]
[Black "Nadezhda Kosintseva"]
[WhiteElo "2431"]
[BlackElo "2319"]
[PlyCount "95"]

1. d4 f5 2. g3 g6 3. Bg2 Bg7 4. Nf3 d6 5. O-O Nf6 6. b4 O-O
7. Bb2 a5 8. b5 Qe8 9. c4 Nbd7 10. Nc3 e5 11. dxe5 Nxe5
12. Nxe5 Qxe5 13. Rb1 Qe7 14. Qd3 Rb8 15. b6 c6 16. Ba3 Rd8
17. Rbd1 Bf8 18. Rfe1 Qf7 19. e4 Be6 20. exf5 Bxf5 21. Qd4 Rd7
22. h3 Be6 23. Ne4 Nxe4 24. Rxe4 Bg7 25. Qd2 Bf5 26. Rf4 Be5
27. Bb2 Qg7 28. Bd4 Qf7 29. Bxe5 dxe5 30. Qxd7 Qxd7 31. Rxd7
Bxd7 32. Re4 Re8 33. f4 exf4 34. Rxe8+ Bxe8 35. gxf4 Kf7
36. Kf2 Ke7 37. c5 Kd7 38. Ke3 Bf7 39. a3 Be8 40. Bf1 Bf7
41. Ke4 Be6 42. Ke5 Ke7 43. h4 Bd7 44. Bc4 Bf5 45. Bg8 h5
46. Bc4 a4 47. Ba6 Bc8 48. Bd3 1-0

[Event "WJun Women"]
[Site "Athens GRE"]
[Date "2001.08.25"]
[EventDate "2001.08.16"]
[Round "9"]
[Result "1-0"]
[White "Inga Charkhalashvili"]
[Black "Nadezhda Kosintseva"]
[WhiteElo "2278"]
[BlackElo "2319"]
[PlyCount "89"]

1. d4 Nf6 2. Nf3 c5 3. d5 b5 4. e3 Bb7 5. c4 g6 6. Qc2 d6
7. e4 Bg7 8. cxb5 a6 9. Nc3 O-O 10. Be2 axb5 11. Bxb5 Ba6
12. O-O Bxb5 13. Nxb5 Na6 14. a4 Nc7 15. Nxc7 Qxc7 16. Bd2
Rfb8 17. Bc3 Qb7 18. Nd2 Qa6 19. Rfb1 Ra7 20. b3 Rab7 21. Nc4
Nd7 22. Bxg7 Kxg7 23. Qc3+ Nf6 24. Na5 Rb6 25. Nc6 R8b7 26. f3
e5 27. Rb2 Rc7 28. Rab1 Rbb7 29. Qc4 Qa8 30. a5 Nd7 31. b4
cxb4 32. Rxb4 Nc5 33. h3 Rxb4 34. Rxb4 Rb7 35. Rxb7 Qxb7
36. Nxe5 Qb1+ 37. Kh2 Nb3 38. Nc6 Qd1 39. h4 Qe1 40. e5 Nd2
41. Qf4 Nf1+ 42. Kh3 Ne3 43. exd6 Qe2 44. Qxe3 Qxe3 45. d7 1-0

[Event "WJun Women"]
[Site "Athens GRE"]
[Date "2001.08.26"]
[EventDate "2001.08.16"]
[Round "10"]
[Result "1-0"]
[White "Nadezhda Kosintseva"]
[Black "Aarthie Ramaswamy"]
[WhiteElo "2319"]
[BlackElo "2249"]
[PlyCount "131"]

1. g3 g6 2. Bg2 Bg7 3. f4 c5 4. Nf3 Nc6 5. e4 d5 6. e5 Nh6
7. Nc3 O-O 8. O-O d4 9. Ne4 b6 10. d3 Qc7 11. h3 f6 12. exf6
exf6 13. Qe2 Bb7 14. Bd2 Rae8 15. Qf2 a5 16. a3 a4 17. Rae1
Ne7 18. c4 dxc3 19. Nxc3 Ba6 20. Re6 Nc8 21. Rxe8 Rxe8
22. Nxa4 Bxd3 23. Re1 Rxe1+ 24. Qxe1 Qd7 25. Nc3 Nf5 26. g4
Nfe7 27. Qe3 Bc4 28. Be1 Bf7 29. Bh4 Nd6 30. Nd2 Kf8 31. Qd3
Qc7 32. f5 c4 33. Qd4 Ne8 34. fxg6 f5 35. Bxe7+ Qxe7 36. Qxb6
hxg6 37. Nf3 fxg4 38. hxg4 Qd7 39. g5 Qf5 40. a4 Kg8 41. a5
Bf8 42. Kh1 Ng7 43. a6 Bc5 44. Qb8+ Kh7 45. a7 Bd5 46. Nxd5
Qxd5 47. a8=Q Qd1+ 48. Kh2 Bd6+ 49. Kh3 Bxb8 50. Qxb8 Qe2
51. Qe5 Nf5 52. Kh2 Qf2 53. Qc7+ Kh8 54. Qd8+ Kh7 55. Qd7+ Kh8
56. Qd2 Qc5 57. Qc3+ Kh7 58. Qd2 Ne3 59. Bh3 Qc7+ 60. Kh1 Qf4
61. Qd7+ Kh8 62. Qc8+ Kh7 63. Qb7+ Kh8 64. Be6 Qf8 65. Qe4 Nf1
66. Qh4+ 1-0

[Event "WJun Women"]
[Site "Athens GRE"]
[Date "2001.08.28"]
[EventDate "2001.08.16"]
[Round "12"]
[Result "1-0"]
[White "Nadezhda Kosintseva"]
[Black "Nana Dzagnidze"]
[WhiteElo "2319"]
[BlackElo "2321"]
[PlyCount "75"]

1. e4 c5 2. c3 d6 3. d4 Nf6 4. Bd3 Nc6 5. Nf3 Bg4 6. d5 Nb8
7. O-O g6 8. h3 Bxf3 9. Qxf3 Bg7 10. a4 O-O 11. Na3 Nbd7
12. Nc4 Nb6 13. Bg5 Nxc4 14. Bxc4 Nd7 15. Qe2 h6 16. Bd2 Qc7
17. f4 Rae8 18. Be1 Kh7 19. Bg3 e6 20. dxe6 fxe6 21. Rad1 e5
22. f5 gxf5 23. exf5 Bf6 24. Qh5 Re7 25. Qg6+ Kh8 26. Qxh6+
Rh7 27. Qd2 Nb6 28. Be6 Rd8 29. a5 Nc8 30. Rde1 Qg7 31. Qe3
Qc7 32. Qd3 Rg7 33. Qf3 Ne7 34. Re4 Qc6 35. Bh4 Rf8 36. Bxf6
Rxf6 37. Rh4+ Rh7 38. Rxh7+ 1-0

[Event "WJun Women"]
[Site "Athens GRE"]
[Date "2001.08.29"]
[EventDate "2001.08.16"]
[Round "13"]
[Result "1/2-1/2"]
[White "Zhao Xue"]
[Black "Nadezhda Kosintseva"]
[WhiteElo "2372"]
[BlackElo "2319"]
[PlyCount "80"]

1. e4 c5 2. Nf3 d6 3. d4 cxd4 4. Nxd4 Nf6 5. Nc3 g6 6. Be3 Bg7
7. Be2 O-O 8. O-O Nc6 9. h3 d5 10. exd5 Nxd5 11. Nxd5 Qxd5
12. Bf3 Qa5 13. Nxc6 bxc6 14. c3 Rb8 15. Qc1 c5 16. Re1 Qc7
17. b4 cxb4 18. cxb4 Qc3 19. Rb1 Be6 20. Bxa7 Rxb4 21. Qxc3
Bxc3 22. Rxb4 Bxb4 23. Re4 Bd6 24. a4 Rc8 25. Re1 Rc4 26. Bd1
Bd7 27. Be3 Bxa4 28. Bf3 Bc6 29. Bxc6 Rxc6 30. Ra1 Kg7 31. g3
e5 32. Kg2 f5 33. Ra7+ Rc7 34. Ra6 Be7 35. h4 Rd7 36. Rc6 e4
37. Kh3 Bd6 38. h5 Kf7 39. Rc8 Be5 40. hxg6+ hxg6 1/2-1/2

[Event "EYCC B18"]
[Site "Halkidiki GRE"]
[Date "2001.09.07"]
[EventDate "2001.08.31"]
[Round "7"]
[Result "1/2-1/2"]
[White "Sarkhan Guliev"]
[Black "Nadezhda Kosintseva"]
[WhiteElo "2189"]
[BlackElo "2319"]
[PlyCount "152"]

1. d4 f5 2. g3 g6 3. Bg2 Bg7 4. c4 d6 5. Nf3 Nf6 6. Nc3 O-O
7. O-O Qe8 8. d5 a5 9. Rb1 Na6 10. b3 e5 11. dxe6 Qxe6 12. Nd4
Qf7 13. Bb2 Nc5 14. Nd5 Kh8 15. Qc2 Nxd5 16. cxd5 Bd7 17. a3
Rab8 18. e3 Rfe8 19. Ra1 Kg8 20. Bc3 a4 21. b4 Ne4 22. Ne2
Nxc3 23. Nxc3 g5 24. Rac1 b5 25. Ne2 Rbc8 26. Qd3 Qf6 27. Rfd1
Rf8 28. Rd2 f4 29. exf4 gxf4 30. Nxf4 Bh6 31. Rdc2 Bf5 32. Be4
Bxf4 33. Bxf5 Qxf5 34. Qxf5 Rxf5 35. gxf4 Rxd5 36. Rxc7 Rxc7
37. Rxc7 Rd3 38. Rb7 Rxa3 39. Rxb5 Rb3 40. Kg2 Kf7 41. f3 Ke6
42. Kg3 a3 43. Ra5 d5 44. f5+ Ke5 45. f6 Kxf6 46. Rxd5 Rxb4
47. Ra5 Rb3 48. h4 Kg6 49. h5+ Kf6 50. Kg4 h6 51. f4 Rc3
52. Ra7 Rb3 53. Rh7 a2 54. Rxh6+ Kg7 55. Rg6+ Kh7 56. Ra6 Rb2
57. Kg5 Rg2+ 58. Kf5 Rh2 59. Kg4 Rg2+ 60. Kh3 Rb2 61. f5 a1=Q
62. Rxa1 Kh6 63. Kg4 Rb4+ 64. Kf3 Kxh5 65. Rg1 Rb5 66. Kf4
Rb4+ 67. Ke5 Rb5+ 68. Ke6 Rb6+ 69. Kf7 Rb7+ 70. Kg8 Rb8+
71. Kh7 Rf8 72. Rf1 Kg5 73. Rg1+ Kh5 74. Rf1 Kg5 75. Kg7 Rxf5
76. Rxf5+ Kxf5 1/2-1/2

[Event "EYCC B18"]
[Site "Halkidiki GRE"]
[Date "2001.09.08"]
[EventDate "2001.08.31"]
[Round "8"]
[Result "1-0"]
[White "Nadezhda Kosintseva"]
[Black "Svetlin Mladenov"]
[WhiteElo "2319"]
[BlackElo "2306"]
[PlyCount "65"]

1. e4 c5 2. Nf3 e6 3. c3 d5 4. exd5 Qxd5 5. d4 Nf6 6. Be3 cxd4
7. cxd4 Nc6 8. a3 Be7 9. Nc3 Qd6 10. Bd3 O-O 11. Qc2 Bd7
12. O-O Rac8 13. Qe2 Rfe8 14. Rad1 Qb8 15. Rfe1 g6 16. Bb1 Bf8
17. Ba2 Bg7 18. Bg5 Nd5 19. Ne4 b6 20. Qd2 Nce7 21. Ne5 Ba4
22. b3 Bc6 23. Ng4 Rf8 24. Ngf6+ Kh8 25. b4 Nxf6 26. Nxf6 h6
27. Bf4 Qb7 28. Be5 Rfd8 29. Nh5 Bxe5 30. Qxh6+ Kg8 31. Rxe5
gxh5 32. Rg5+ Ng6 33. Rxg6+ 1-0

[Event "It (open) St. Petersburg 300"]
[Site "St. Petersburg (Russia)"]
[Date "2003.??.??"]
[EventDate "?"]
[Round "2.21"]
[Result "1-0"]
[White "Vladimir Kosyrev"]
[Black "Nadezhda Kosintseva"]
[WhiteElo "2531"]
[BlackElo "2428"]
[PlyCount "79"]

1.d4 Nf6 2.c4 e6 3.Nf3 d5 4.Nc3 dc4 5.e3 a6 6.Bc4 b5 7.Bd3 Bb7
8.O-O c5 9.dc5 Bc5 10.Qe2 O-O 11.e4 Nbd7 12.Bg5 Be7 13.Rfd1 h6
14.Bf4 b4 15.Na4 Qa5 16.b3 e5 17.Bd2 Nc5 18.Nc5 Bc5 19.a3 Qb6
20.ab4 Bb4 21.Ne5 Bd2 22.Nc4 Qb3 23.Rab1 Qc3 24.Rb7 Bf4 25.g3
Be5 26.Kg2 Rfb8 27.Rb8+ Rb8 28.f4 Bc7 29.e5 Nd5 30.e6 Nf6
31.ef7+ Kf7 32.Qf3 Qb4 33.Ne3 a5 34.Nd5 Nd5 35.Qd5+ Kf8
36.Qf5+ Ke7 37.Kh3 Rf8 38.Qg6 Qc3 39.Qe4+ Kf6 40.Bc4 1-0

[Event "It (open) St. Petersburg 300"]
[Site "St. Petersburg (Russia)"]
[Date "2003.??.??"]
[EventDate "?"]
[Round "3.45"]
[Result "0-1"]
[White "Nadezhda Kosintseva"]
[Black "David Gochelashvili"]
[WhiteElo "2428"]
[BlackElo "2331"]
[PlyCount "106"]

1.e4 c5 2.Nf3 d6 3.d4 cd4 4.Qd4 Nc6 5.Bb5 Bd7 6.Bc6 Bc6 7.Nc3
h6 8.Bd2 e5 9.Qd3 Nf6 10.O-O-O Be7 11.Qe2 Rc8 12.Be1 Qc7 13.g4
b5 14.Rg1 Qb7 15.Nd2 b4 16.Nd5 Bb5 17.Qf3 Nd5 18.ed5 Qa6
19.Ne4 Be2 20.Qb3 Qc4 21.Nd2 Qb3 22.Nb3 Bg5+ 23.Bd2 Bd1 24.Rd1
Rc4 25.f3 Kd7 26.Kb1 Bd2 27.Rd2 Rf4 28.Rd3 h5 29.g5 Rf5 30.c4
bc3 31.bc3 Rg5 32.c4 Rc8 33.Na5 Rg1+ 34.Kb2 Rg2+ 35.Ka3 Rh2
36.Rb3 h4 37.Rb7+ Ke8 38.Nc6 h3 39.c5 Rd2 40.cd6 Rd5 41.Re7+
Kf8 42.Rc7 Re8 43.d7 h2 44.de8=Q+ Ke8 45.Re7+ Kf8 46.Rb7 Ra5+
47.Kb4 g5 48.Ka5 h1=Q 49.Rb3 g4 50.Ne5 g3 51.Rb8+ Kg7 52.Rb4
g2 53.Rg4+ Kf6 0-1

[Event "It (open) St. Petersburg 300"]
[Site "St. Petersburg (Russia)"]
[Date "2003.??.??"]
[EventDate "?"]
[Round "4.50"]
[Result "0-1"]
[White "Dmitry Melnikov"]
[Black "Nadezhda Kosintseva"]
[WhiteElo "2263"]
[BlackElo "2428"]
[PlyCount "118"]

1.e4 e5 2.Nf3 Nf6 3.d4 Ne4 4.Bd3 d5 5.Ne5 Nd7 6.Nd7 Bd7 7.O-O
Bd6 8.c4 c6 9.Nc3 O-O 10.cd5 Nc3 11.bc3 cd5 12.Qh5 f5 13.Re1
Qc7 14.Bd2 Rae8 15.g3 g6 16.Qf3 Re4 17.Bc2 Bb5 18.Bf4 Bf4
19.gf4 Kg7 20.Be4 fe4 21.Qg3 Rf4 22.Rab1 Bc6 23.f3 h5 24.Re3
Qf7 25.Rf1 Qf5 26.h3 g5 27.Rf2 h4 28.Qg2 b5 29.a4 a6 30.ab5
ab5 31.Qf1 Be8 32.Qg2 Bg6 33.Rf1 Kh6 34.Rf2 Kg7 35.Rf1 Kh6
36.Rf2 Qf6 37.fe4 de4 38.Qh2 Qf5 39.Qg2 Qd5 40.Qf1 Qf5 41.Qg2
Qe6 42.Qf1 Qa6 43.Qe1 Qf6 44.Qf1 b4 45.cb4 Qd4 46.Qe1 Rf2
47.Kf2 Qe5 48.Qc3 Qf4+ 49.Ke1 g4 50.hg4 Kg5 51.b5 Qg4 52.b6
Qg1+ 53.Kd2 Qf2+ 54.Kc1 Qf7 55.Qd2 Kh5 56.Qe2+ Kh6 57.Qd2 Kh5
58.Qe2+ Kh6 59.Qb5 Qf4 0-1

[Event "It (open) St. Petersburg 300"]
[Site "St. Petersburg (Russia)"]
[Date "2003.??.??"]
[EventDate "?"]
[Round "6.22"]
[Result "1-0"]
[White "Evgeny E Vorobiov"]
[Black "Nadezhda Kosintseva"]
[WhiteElo "2556"]
[BlackElo "2428"]
[PlyCount "93"]

1.Nf3 Nf6 2.g3 g6 3.Bg2 Bg7 4.O-O O-O 5.c4 d6 6.d4 c6 7.Nc3
Qa5 8.e4 Bg4 9.h3 Bf3 10.Bf3 Nbd7 11.Rb1 c5 12.dc5 dc5 13.Bg2
Ne5 14.f4 Rad8 15.Qe2 Nc6 16.e5 Ne8 17.Be3 Nc7 18.a3 Ne6
19.Qf2 Ned4 20.Rfd1 Nb3 21.Bc6 bc6 22.Ne4 Qa6 23.Qc2 Nd4
24.Bd4 Rd4 25.Rd4 cd4 26.Nc5 Qc8 27.Kg2 Rd8 28.Qe4 e6 29.Qd3
Bf8 30.Ne4 c5 31.b4 Qc7 32.h4 cb4 33.ab4 Rc8 34.c5 a5 35.ba5
Qa5 36.Kh3 Qa2 37.h5 Kg7 38.hg6 hg6 39.Rb7 Bc5 40.Ng5 Rf8
41.Rd7 Bb6 42.Qf3 d3 43.Qb7 Rh8+ 44.Kg4 Qe2+ 45.Nf3 Bd8
46.Rf7+ Kh6 47.Qb1 1-0

[Event "It (open) St. Petersburg 300"]
[Site "St. Petersburg (Russia)"]
[Date "2003.??.??"]
[EventDate "?"]
[Round "7.41"]
[Result "1-0"]
[White "Nadezhda Kosintseva"]
[Black "Vladimir Grabinsky"]
[WhiteElo "2428"]
[BlackElo "2361"]
[PlyCount "87"]

1.e4 c5 2.Nf3 e6 3.c3 d5 4.ed5 Qd5 5.d4 Nf6 6.Be3 cd4 7.cd4
Nc6 8.a3 Be7 9.Nc3 Qd6 10.Bd3 b6 11.Nb5 Qd8 12.Rc1 Bb7 13.Ne5
Rc8 14.Nc6 Rc6 15.Na7 Rc1 16.Bb5+ Kf8 17.Qc1 Bg2 18.Rg1 Be4
19.Rg7 Rg8 20.Rg8+ Ng8 21.Qc8 Kg7 22.Qd8 Bd8 23.Bc6 Bc6 24.Nc6
Bc7 25.h3 Nf6 26.Ke2 Nd5 27.Bd2 Kf6 28.Nb4 Ne7 29.Kf3 Kf5
30.Nc2 b5 31.Ne3+ Kg6 32.Bb4 Nc6 33.Bc5 f5 34.Nd1 e5 35.Nc3
ed4 36.Nb5 Be5 37.b4 Kf6 38.a4 Ke6 39.a5 Kd5 40.a6 Kc4 41.Na3+
Kd5 42.a7 Na7 43.Ba7 Bd6 44.Nb5 1-0

[Event "It (open) St. Petersburg 300"]
[Site "St. Petersburg (Russia)"]
[Date "2003.??.??"]
[EventDate "?"]
[Round "8.28"]
[Result "1-0"]
[White "Vladimir Potkin"]
[Black "Nadezhda Kosintseva"]
[WhiteElo "2534"]
[BlackElo "2428"]
[PlyCount "45"]

1.e4 e5 2.Nf3 Nf6 3.d4 Ne4 4.Bd3 d5 5.Ne5 Nd7 6.Nd7 Bd7 7.O-O
Bd6 8.c4 c6 9.cd5 cd5 10.Nc3 Nc3 11.bc3 O-O 12.Qh5 f5 13.Qf3
Qa5 14.c4 Bb4 15.Rb1 Bc6 16.Bf4 b6 17.Be5 Rf7 18.Bf5 Kh8
19.Qh5 Rf5 20.Qf5 dc4 21.Qe6 Bb5 22.a3 Bd2 23.Qd5 1-0

[Event "It (open) St. Petersburg 300"]
[Site "St. Petersburg (Russia)"]
[Date "2003.??.??"]
[EventDate "?"]
[Round "9.44"]
[Result "1-0"]
[White "Nadezhda Kosintseva"]
[Black "Ekaterina Korbut"]
[WhiteElo "2428"]
[BlackElo "2317"]
[PlyCount "97"]

1.e4 c5 2.Nf3 e6 3.Nc3 d6 4.d4 cd4 5.Qd4 a6 6.Be3 Nc6 7.Qb6
Qb6 8.Bb6 Bd7 9.O-O-O Rc8 10.Nd2 Nd8 11.Nc4 Rc6 12.Be2 f6
13.a4 Nf7 14.Be3 Rc7 15.Na5 Bc8 16.Bb6 Rd7 17.Bc4 Nd8 18.Ne2
Ne7 19.Nd4 d5 20.ed5 Nd5 21.Bd8 Rd8 22.Nb7 Bb7 23.Ne6 Rd7
24.Bd5 Bd5 25.Rd5 Rd5 26.Nc7+ Kd7 27.Nd5 Bc5 28.f3 Re8 29.b4
Bd6 30.Kd2 Kc6 31.c4 a5 32.b5+ Kc5 33.Kd3 h5 34.h3 Bg3 35.Rb1
Be1 36.Nc7 Re7 37.Na6+ Kb6 38.c5+ Ka7 39.Nc7 Bg3 40.Nd5 Re5
41.Kc4 Re2 42.b6+ Ka6 43.f4 Rc2+ 44.Kd3 Rc5 45.b7 Rd5+ 46.Ke4
Rd8 47.b8=Q Rb8 48.Rb8 g5 49.Rf8 1-0

[Event "RUS-ch U20"]
[Site "Essentuki"]
[Date "2003.03.02"]
[EventDate "?"]
[Round "5"]
[Result "1-0"]
[White "Aram Gazarian"]
[Black "Nadezhda Kosintseva"]
[WhiteElo "2517"]
[BlackElo "2496"]
[PlyCount "61"]

1.Nf3 f5 2.g3 Nf6 3.Bg2 g6 4.O-O Bg7 5.c4 O-O 6.Nc3 d6 7.d4 c6
8.Qb3 Kh8 9.Rd1 Qe8 10.Qa3 Na6 11.b4 Nc7 12.Rb1 Bd7 13.d5 h6
14.Nd4 e5 15.dxe6 Nxe6 16.Nxe6 Qxe6 17.Bf4 Qxc4 18.Rxd6 a6
19.Na4 Rae8 20.Nb6 Qf7 21.Bxh6 Bxh6 22.Rxf6 Qxf6 23.Nxd7 Qd4
24.Nxf8 Rxe2 25.Nxg6+ Kg7 26.Rf1 Kxg6 27.Qb3 Qd2 28.Bf3 Re1
29.Bh5+ Kxh5 30.Qf7+ Kg5 31.f4+ 1-0

[Event "FIDE Women's World Championship"]
[Site "Elista RUS"]
[Date "2004.05.22"]
[EventDate "2004.05.22"]
[Round "1.1"]
[Result "1-0"]
[White "Lela Javakhishvili"]
[Black "Nadezhda Kosintseva"]
[WhiteElo "2372"]
[BlackElo "2425"]
[PlyCount "115"]

1. d4 Nf6 2. c4 e6 3. Nc3 Bb4 4. e3 b6 5. Nge2 c5 6. a3 Ba5
7. Rb1 Na6 8. Bd2 O-O 9. d5 d6 10. Nf4 e5 11. Nh5 Ng4 12. Ng3
Bxc3 13. Bxc3 Qh4 14. Qd2 f5 15. h3 Nf6 16. Bd3 Nc7 17. b3 f4
18. exf4 exf4 19. Ne2 Nh5 20. Kd1 Qxf2 21. Kc2 Bf5 22. Rbf1
Bxd3+ 23. Qxd3 Qh4 24. Rf3 Rae8 25. Rhf1 Qg5 26. Bd2 Qxg2
27. Nxf4 Nxf4 28. Rxf4 Rxf4 29. Rxf4 Qe2 30. Rg4 b5 31. Qg3
Qe7 32. Bh6 g6 33. Bf4 bxc4 34. bxc4 Qe4+ 35. Qd3 Qxd3+
36. Kxd3 Rd8 37. Rg1 Ne8 38. Rb1 Rd7 39. a4 Kf7 40. a5 Ke7
41. Bg5+ Kf7 42. a6 Ng7 43. Rb7 Ke8 44. Rb8+ Kf7 45. Bd8 Nh5
46. Rb7 Ke8 47. Bb6 Nf6 48. Rxa7 Rxa7 49. Bxa7 Kd7 50. Bxc5
Ne8 51. a7 Nc7 52. Bb4 Na8 53. Ke4 Kc7 54. Kf4 h6 55. c5 dxc5
56. Bxc5 Kd7 57. Ke5 Nc7 58. Ke4 1-0

[Event "FIDE Women's World Championship"]
[Site "Elista RUS"]
[Date "2004.05.23"]
[EventDate "2004.05.22"]
[Round "1.3"]
[Result "0-1"]
[White "Lela Javakhishvili"]
[Black "Nadezhda Kosintseva"]
[WhiteElo "2372"]
[BlackElo "2425"]
[PlyCount "88"]

1. d4 Nf6 2. c4 e6 3. Nc3 Bb4 4. e3 b6 5. Nge2 c5 6. a3 Ba5
7. Rb1 Na6 8. Qa4 Bb7 9. Bd2 Qe7 10. Ng3 O-O 11. b4 cxb4
12. Nb5 bxa3 13. Bxa5 bxa5 14. Qxa5 a2 15. Qxa2 Nb4 16. Qd2 a5
17. f3 Bc6 18. Na3 Rfb8 19. Kf2 Ne8 20. Be2 Nc7 21. e4 d6
22. d5 Bd7 23. Rhd1 Ba4 24. Rdc1 Nca6 25. Re1 Nc5 26. Bf1 Qa7
27. Re3 Rb6 28. Nb5 Bxb5 29. cxb5 Rbb8 30. Be2 Qb6 31. Kf1 Rc8
32. Ra3 Nd7 33. Nh5 Nf8 34. Qg5 Ng6 35. f4 Nc2 36. Rh3 Ne3+
37. Ke1 h6 38. Qg3 Rc3 39. Bf3 Qd4 40. dxe6 Rac8 41. exf7+
Kxf7 42. f5 Rc1+ 43. Rxc1 Rxc1+ 44. Kf2 Nxf5+ 0-1

[Event "6th Aeroflot Festival"]
[Site "Moscow RUS"]
[Date "2007.02.20"]
[EventDate "2007.02.14"]
[Round "7"]
[Result "0-1"]
[White "Nadezhda Kosintseva"]
[Black "Nikola Sedlak"]
[WhiteElo "2496"]
[BlackElo "2561"]
[PlyCount "132"]

1. e4 c5 2. Nf3 d6 3. d4 cxd4 4. Nxd4 Nf6 5. Nc3 Bd7 6. Bg5 e6
7. Ndb5 Bc6 8. Bxf6 gxf6 9. Qh5 a6 10. Nd4 Bd7 11. O-O-O b5
12. f4 Nc6 13. Kb1 Qb6 14. Nxc6 Bxc6 15. f5 Be7 16. Qh6 Qc5
17. Bd3 e5 18. g4 b4 19. Ne2 d5 20. Ng3 O-O-O 21. exd5 Bxd5
22. Be4 Bc4 23. b3 Bb5 24. g5 Rxd1+ 25. Rxd1 Rd8 26. Rxd8+
Bxd8 27. gxf6 Bb6 28. a4 bxa3 29. Qd2 Qg1+ 30. Ka2 Bd4 31. c3
Be3 32. Qd5 Qc1 33. Qb7+ Kd8 34. Qe7+ Kc8 35. Qf8+ Kc7
36. Qe7+ Bd7 37. Qxa3 Qxc3 38. b4 Qc4+ 39. Qb3 Bb5 40. Qxc4+
Bxc4+ 41. Kb2 Bd4+ 42. Ka3 Bg1 43. h3 Bf2 44. Nh5 Bh4 45. Bf3
Kd6 46. Ng7 Bxf6 47. Ne8+ Ke7 48. Nc7 Kd7 49. Nd5 Bd8 50. Ne3
Bd3 51. Kb3 e4 52. Bh5 Bb6 53. Nd5 Bd4 54. Nf4 Bf1 55. Bxf7
Be5 56. Be6+ Kd6 57. Nd5 Bxh3 58. Ne3 Bd4 59. Nc4+ Ke7 60. Bc8
Bf1 61. Bxa6 e3 62. Ne5 Bxa6 63. Nc6+ Kf6 64. Nxd4 h5 65. Nc2
h4 66. b5 h3 0-1

[Event "Women's World Team Championship"]
[Site "Ekaterinburg RUS"]
[Date "2007.05.28"]
[EventDate "2007.05.20"]
[Round "8"]
[Result "1/2-1/2"]
[White "Olga Sikorova"]
[Black "Nadezhda Kosintseva"]
[WhiteElo "2304"]
[BlackElo "2475"]
[PlyCount "79"]

1. e4 e5 2. Bc4 Nf6 3. d3 Nc6 4. Nc3 Bc5 5. Bg5 h6 6. Be3 Bxe3
7. fxe3 Na5 8. Bb3 Nxb3 9. axb3 d5 10. exd5 Nxd5 11. Nxd5 Qxd5
12. e4 Qd6 13. Nf3 O-O 14. O-O Bd7 15. Qe2 a5 16. Kh1 c5
17. Qd2 b6 18. Nh4 Ra7 19. Nf5 Bxf5 20. Rxf5 Qd4 21. Qc3 f6
22. h3 Rfa8 23. Rff1 b5 24. Kh2 Kf7 25. Ra2 Qxc3 26. bxc3 Ke6
27. Kg3 a4 28. bxa4 bxa4 29. Rb1 Kd6 30. c4 Kc6 31. Kf3 Rb7
32. Rba1 Rba7 33. Ke3 Kd6 34. Rb1 h5 35. Kd2 Rh8 36. Rba1 Rha8
37. Rb1 Rh8 38. Rba1 Rha8 39. Rb1 Kc6 40. Rba1 1/2-1/2